<?xml version="1.0" encoding="UTF-8"?>
<record
    xmlns:xsi="http://www.w3.org/2001/XMLSchema-instance"
    xsi:schemaLocation="http://www.loc.gov/MARC21/slim http://www.loc.gov/standards/marcxml/schema/MARC21slim.xsd"
    xmlns="http://www.loc.gov/MARC21/slim">

  <leader>00667nam a2200217   4500</leader>
  <controlfield tag="001">106983</controlfield>
  <controlfield tag="003">ES-MaACL</controlfield>
  <controlfield tag="005">20231223063056.0</controlfield>
  <controlfield tag="007">t|</controlfield>
  <controlfield tag="008">061121s1976    mx af        |||| |aspa d</controlfield>
  <datafield tag="080" ind1=" " ind2=" ">
    <subfield code="a">821.134.2-94"19"</subfield>
  </datafield>
  <datafield tag="080" ind1=" " ind2=" ">
    <subfield code="a">929 Moreno Villa, Jos&#xE9;</subfield>
  </datafield>
  <datafield tag="100" ind1="1" ind2=" ">
    <subfield code="a">Moreno Villa, Jos&#xE9;,</subfield>
    <subfield code="d">1887-1955</subfield>
    <subfield code="9">83443</subfield>
  </datafield>
  <datafield tag="245" ind1="1" ind2="0">
    <subfield code="a">Vida en claro </subfield>
    <subfield code="b">: autobiograf&#xED;a / </subfield>
    <subfield code="c">Jos&#xE9; Moreno Villa.</subfield>
  </datafield>
  <datafield tag="250" ind1=" " ind2=" ">
    <subfield code="a">1&#xAA; reimp.</subfield>
  </datafield>
  <datafield tag="260" ind1=" " ind2=" ">
    <subfield code="a">M&#xE9;xico : </subfield>
    <subfield code="b">Fondo de Cultura Econ&#xF3;mica, </subfield>
    <subfield code="c">1976.</subfield>
  </datafield>
  <datafield tag="300" ind1=" " ind2=" ">
    <subfield code="a">258 p., 12 h. de l&#xE1;m. ; </subfield>
    <subfield code="c">21 cm.</subfield>
  </datafield>
  <datafield tag="600" ind1="1" ind2="4">
    <subfield code="a">Moreno Villa, Jos&#xE9;,</subfield>
    <subfield code="d">1887-1955</subfield>
    <subfield code="9">83443</subfield>
  </datafield>
  <datafield tag="852" ind1=" " ind2=" ">
    <subfield code="a">ES-MaACL</subfield>
    <subfield code="j">L-10659</subfield>
  </datafield>
  <datafield tag="999" ind1=" " ind2=" ">
    <subfield code="c">106983</subfield>
    <subfield code="d">106983</subfield>
  </datafield>
  <datafield tag="952" ind1=" " ind2=" ">
    <subfield code="0">0</subfield>
    <subfield code="1">0</subfield>
    <subfield code="4">0</subfield>
    <subfield code="7">0</subfield>
    <subfield code="a">ATENEOM</subfield>
    <subfield code="b">ATENEOM</subfield>
    <subfield code="c">DEPO2</subfield>
    <subfield code="d">2008-01-17</subfield>
    <subfield code="e">SC</subfield>
    <subfield code="l">0</subfield>
    <subfield code="o">L-10659</subfield>
    <subfield code="p">1111665</subfield>
    <subfield code="r">2023-02-23 00:00:00</subfield>
    <subfield code="w">2023-02-23</subfield>
    <subfield code="y">MONOGRAFIA</subfield>
  </datafield>
</record>
